[Event "Nakhchivan Open A 2013"]
[Site "Nakhchivan AZE"]
[Date "2013.05.01"]
[Round "9.3"]
[White "Shimanov, A."]
[Black "Aleksandrov, A."]
[Result "1-0"]
[WhiteElo "2639"]
[BlackElo "2604"]
[PlyCount "111"]
[EventDate "2013.04.22"]

1. c4 Nf6 2. Nf3 e6 3. g3 a6 4. Bg2 b5 5. b3 c5 6. Nc3 Qb6 7. e3 Bb7 8. Qe2 Ne4
9. Bb2 bxc4 10. Qxc4 d5 11. Qe2 Nf6 12. O-O Be7 13. Rfc1 Nbd7 14. d4 cxd4 15.
Nxd4 O-O 16. Na4 Qd6 17. Rc2 Rfc8 18. Rac1 Bd8 19. a3 e5 20. Nf5 Qf8 21. f4
exf4 22. exf4 g6 23. Ne3 Rxc2 24. Rxc2 Be7 25. Rc7 Qb8 26. Bxf6 Qxc7 27. Bxe7
Re8 28. Bb4 Qc1+ 29. Kf2 d4 30. Bxb7 Rxe3 31. Qc4 Qd1 32. Nb2 Qb1 33. Qxd4 Rxb3
34. Nc4 Qc2+ 35. Qd2 Qxc4 36. Bd5 Nf6 37. Bxc4 Ne4+ 38. Ke2 Nxd2 39. Bxb3 Nxb3
40. Kd3 a5 41. Kc3 a4 42. Bd6 f5 43. Kb4 Kf7 44. Kxa4 Nd4 45. Bc5 Ne6 46. Kb5
g5 47. fxg5 Nxg5 48. a4 Ke8 49. a5 Kd7 50. a6 Kc7 51. Be3 Ne6 52. Bf4+ Nxf4 53.
gxf4 Kb8 54. Kb6 Ka8 55. h4 Kb8 56. h5 1-0